000 00615nam a2200169 i 4500
001 146210
003 ES-MaACL
005 20230906201443.0
007 t|
008 070905s1926 sp ||||1| spa d
245 0 0 _aTrabajos de investigación y ampliación de estudios organizados para el curso de 1926-1927.
260 _a[Madrid :
_bJosé Molina,
_c1926]
300 _a26 p. ;
_c24 cm.
500 _aPrecede al tít.: Junta para Ampliación de Estudios e Investigaciones Científicas.
710 2 _aJunta para la Ampliación de Estudios e Investigaciones Científicas.
_95413
852 _aES-MaACL
_j1600-F-24
999 _c146210
_d146210